|
|
|
|
| LEADER |
00000nam0a2200000 4500 |
| 001 |
149605 |
| 005 |
20231031145922.0 |
| 020 |
|
|
|a RU
|b 84-45048
|
| 035 |
|
|
|a (RuTPU)RU\TPU\book\162195
|
| 090 |
|
|
|a 149605
|
| 100 |
|
|
|a 20081218d1984 m y0rusy5003 ca
|
| 101 |
0 |
|
|a rus
|
| 102 |
|
|
|a RU
|
| 105 |
|
|
|a a z 000ay
|
| 200 |
1 |
|
|a Конный двор
|e роман
|f Д. Г. Сергеев
|g худож. Е. Скрыльников
|
| 210 |
|
|
|a Москва
|c Современник
|d 1984
|
| 215 |
|
|
|a 320 с.
|c ил.
|
| 225 |
1 |
|
|a Новинки "Современника"
|
| 333 |
|
|
|a Исключено из фонда НТБ ТПУ
|
| 700 |
|
1 |
|a Сергеев
|b Д. Г.
|g Дмитрий Гаврилович
|
| 702 |
|
1 |
|a Скрыльников
|b Е.
|4 440
|
| 801 |
|
0 |
|a RU
|b RuMRKP
|c 19950704
|g psbo
|
| 801 |
|
1 |
|a RU
|b 63413507
|c 20081218
|g PSBO
|
| 801 |
|
2 |
|a RU
|b 63413507
|c 20220602
|g PSBO
|
| 942 |
|
|
|c BK
|